Picture Click Quiz - Select Foods in Disney Movies #1 - Statistics

General Stats
  • This quiz has been taken 203 times
  • The average score is 15 of 25
Answer Stats
Hint Answer % Correct
Winnie the Pooh
Winnie the Pooh
88%
Lady and the Tramp
Lady and the Tramp
87%
Aladdin
Aladdin
82%
Ratatouille
Ratatouille
77%
Snow White
Snow White
75%
Toy Story 3
Toy Story 3
74%
Alice in Wonderland
Alice in Wonderland
71%
Incredibles 2
Incredibles 2
68%
Zootopia
Zazu
67%
Princess and the Frog
Princess and the Frog
64%
Wreck-It Ralph
Wreck-It Ralph
63%
Elemental
Elemental
63%
Tangled
Tangled
62%
Beauty and the Beast
Beauty and the Beast
55%
The Little Mermaid II: Return to the Sea
The Little Mermaid II: Return to the Sea
55%
Madagascar
Madagascar
55%
Mulan
Mulan
53%
Shark Tale
Shark Tale
49%
Brave
Brave
49%
101 Dalmatians
101 Dalmatians
48%
Shrek
Shrek
41%
Coco
Coco
35%
Onward
Onward
34%
Shrek Forever After
Shrek
34%
Turning Red
Turning Red
30%
No matching quizzes found
Score Distribution
Percent of People with Each Score
Percentile by Number Answered
Your Score History
You have not taken this quiz